000 00457nam a2200181Ia 4500
005 20240919013426.0
008 240331s9999 xx 000 0 und d
020 _a8185229147
082 _bKAP
_a708
100 _aKapur, G
245 0 _aWhen was modernism :
_bessays on contemporary cultural practice in India
260 _aNew Delhi
_bTulika
_c2000
300 _axv, 439 p .,
650 _aWomen
650 _aArtwork
650 _aCulture
942 _cL
999 _c3076
_d3076